<?xml version="1.0" encoding="UTF-8"?>
<record
    xmlns:xsi="http://www.w3.org/2001/XMLSchema-instance"
    xsi:schemaLocation="http://www.loc.gov/MARC21/slim http://www.loc.gov/standards/marcxml/schema/MARC21slim.xsd"
    xmlns="http://www.loc.gov/MARC21/slim">

  <leader>005350000a22001330004500</leader>
  <datafield tag="090" ind1=" " ind2=" ">
    <subfield code="a">AS</subfield>
    <subfield code="b">SERIADAS</subfield>
  </datafield>
  <datafield tag="245" ind1="1" ind2="0">
    <subfield code="a">Nuevos registros de escarabajos copr&#xF3;fagos (Scarabaeidae: Scarabaeinae) para la regi&#xF3;n Andina de Colombia</subfield>
    <subfield code="s">parte I.</subfield>
  </datafield>
  <datafield tag="041" ind1="0" ind2=" ">
    <subfield code="a">Espa&#xF1;ol</subfield>
  </datafield>
  <datafield tag="700" ind1="1" ind2=" ">
    <subfield code="a">Medina , Claudia Alejandra</subfield>
    <subfield code="9">92886</subfield>
  </datafield>
  <datafield tag="700" ind1="1" ind2=" ">
    <subfield code="a">Riveros , Ra&#xFA;l Antonio</subfield>
    <subfield code="9">100446</subfield>
  </datafield>
  <datafield tag="100" ind1="1" ind2=" ">
    <subfield code="a">Pulido Herrera, Luz Astrid</subfield>
    <subfield code="9">92650</subfield>
  </datafield>
  <datafield tag="942" ind1=" " ind2=" ">
    <subfield code="c">ARTICULO</subfield>
  </datafield>
  <datafield tag="773" ind1="1" ind2=" ">
    <subfield code="t">Revista de la Academia Colombiana de Ciencias Exactas, F&#xED;sicas y Naturales</subfield>
    <subfield code="h">119</subfield>
    <subfield code="q">305-310 p.</subfield>
    <subfield code="d">2007</subfield>
    <subfield code="g">31</subfield>
  </datafield>
  <datafield tag="999" ind1=" " ind2=" ">
    <subfield code="c">16251</subfield>
    <subfield code="d">16251</subfield>
  </datafield>
</record>
